A-Z een metropolen in de hele wereld - Statistieken

Algemene statistieken
  • Deze quiz is 30 keer genomen
  • De gemiddelde score is 7 van 22
Antwoordstatistieken
Hint Antwoord % Correct
N new york
88%
T tokio
77%
P peking
62%
J jakarta
50%
D new delhi
50%
C caïro
46%
M manilla
46%
S shanghai
46%
L Los angeles
42%
W washington
42%
B bangkok
31%
G Guangzhou
23%
K karachi
23%
R rio de janeiro
23%
I istanboel
19%
O osaka
15%
X xiamen
15%
Q qingdao
12%
A ahmedabad
8%
Y yangon
4%
z zhengzhou
4%
H haiderabad
0%
Geen overeenkomende quizzen gevonden
Scoreverdeling
Procent van Mensen met Elke Score
Percentiel versus Aantal Correcte Antwoorden
Uw Scoregeschiedenis
U heeft deze quiz nog niet genomen